تطور الفكر القومي العربي : (رقم التسجيلة. 1253)
[ عرض عادي ]
| 000 -LEADER | |
|---|---|
| fixed length control field | 00814nam a22001937a 4500 |
| 005 - DATE AND TIME OF LATEST TRANSACTION | |
| control field | 20251108164015.0 |
| 008 - FIXED-LENGTH DATA ELEMENTS--GENERAL INFORMATION | |
| fixed length control field | 250721s1986 xx 000 0 ara d |
| 082 14 - DEWEY DECIMAL CLASSIFICATION NUMBER | |
| Classification number | 320.158/ندو |
| 100 1# - MAIN ENTRY--PERSONAL NAME | |
| Personal name | العلي، صالح احمد |
| 111 2# - MAIN ENTRY--MEETING NAME | |
| Meeting name or jurisdiction name as entry element | ندوة تطور الفكر القومي العربي ( 1985 : بغداد ) |
| 245 10 - TITLE STATEMENT | |
| Title | تطور الفكر القومي العربي : |
| Remainder of title | بحوث و مناقشات الندوة الفكرية التي نظمها مركز دراسات الوحدة العربية بالتعاون مع ... / |
| 264 1# - PRODUCTION, PUBLICATION, DISTRIBUTION, MANUFACTURE, AND COPYRIGHT NOTICE | |
| Place of production, publication, distribution, manufacture | بيروت : |
| Name of producer, publisher, distributor, manufacturer | مركز دراسات الوحدة العربية، |
| Date of production, publication, distribution, manufacture, or copyright notice | 1986. |
| 300 ## - PHYSICAL DESCRIPTION | |
| Extent | 407ص |
| 650 17 - SUBJECT ADDED ENTRY--TOPICAL TERM | |
| Topical term or geographic name as entry element | القومية العربية |
| 650 17 - SUBJECT ADDED ENTRY--TOPICAL TERM | |
| Topical term or geographic name as entry element | الوحدة العربية |
| 700 1# - ADDED ENTRY--PERSONAL NAME | |
| Personal name | النجار، مصطفى |
| 942 ## - ADDED ENTRY ELEMENTS (KOHA) | |
| Source of classification or shelving scheme | Dewey Decimal Classification |
| Koha item type | كتب |
| حالة السحب | حالة الفقدان | مصدر التصنيف | حالة التلف | غير قابل للإعارة | المكتبة الرئيسية | المكتبة الحالية | موقع الرف | تاريخ التزويد | الرقم المتسلسل | Total Checkouts | رقم الإستدعاء | الباركود | تاريخ آخر ظهور | تاريخ الفاتورة | نوع المادة (كوها) |
|---|---|---|---|---|---|---|---|---|---|---|---|---|---|---|---|
| Dewey Decimal Classification | المكتبة المركزية | المكتبة المركزية | الإعارة | 05/09/2021 | 1745060 | 320.158/ندو | PLD00491862 | 28/07/2025 | 05/09/2021 | كتب |